[Event "Turkish Cup 2016"]
[Site "Manavgat TUR"]
[Date "2016.02.03"]
[Round "7.3"]
[White "Yurtseven, Melih"]
[Black "Soysal, Serkan"]
[Result "1/2-1/2"]
[WhiteTitle "FM"]
[BlackTitle "FM"]
[WhiteElo "2332"]
[BlackElo "2349"]
[WhiteTeam "KAYSERI"]
[BlackTeam "KAHRAMANMARAS"]
[WhiteFideId "6312160"]
[BlackFideId "6349250"]
[EventDate "2016.01.30"]

1. e4 e5 2. Nf3 Nc6 3. Bb5 a6 4. Ba4 g6 5. O-O Bg7 6. c3 d6 7. d4 Bd7 8. Bc2 Nf6
9. Re1 O-O 10. Bg5 h6 11. Bh4 Bg4 12. dxe5 Nxe5 13. Nbd2 Re8 14. h3 Bd7 15. Nxe5
dxe5 16. Nc4 Bb5 17. Bd3 Bxc4 18. Bxc4 Qxd1 19. Raxd1 g5 20. Bg3 Bf8 21. Rd3 Kg7
22. Rf3 Bd6 23. Rf5 Re7 24. Bh2 Nd7 25. g3 Nb6 26. Bb3 Rd8 27. Kg2 Nd7 28. h4 f6
29. hxg5 hxg5 30. f4 exf4 31. gxf4 gxf4 32. Bxf4 Bxf4 33. Rxf4 Ne5 34. Rg1 Nf7
35. Rgf1 Rd2+ 36. R1f2 Rxf2+ 37. Kxf2 Ng5 38. Ke3 1/2-1/2

[Event "Turkish Cup 2016"]
[Site "Manavgat TUR"]
[Date "2016.02.03"]
[Round "7.4"]
[White "Erdogdu, Mert"]
[Black "Eminov, Orkhan"]
[Result "1-0"]
[WhiteTitle "IM"]
[BlackTitle "FM"]
[WhiteElo "2438"]
[BlackElo "2263"]
[WhiteTeam "ISTANBUL"]
[BlackTeam "ANKARA"]
[WhiteFideId "6301495"]
[BlackFideId "13402153"]
[EventDate "2016.01.30"]

1. e4 c5 2. Nf3 d6 3. d4 cxd4 4. Nxd4 Nf6 5. Nc3 g6 6. Be3 Bg7 7. f3 a6 8. Qd2
h5 9. a4 Nc6 10. Be2 O-O 11. O-O Bd7 12. Rfd1 Qc7 13. Nb3 Be6 14. a5 Nd7 15. Nd5
Bxd5 16. exd5 Nce5 17. Bd4 Rfc8 18. c3 Nc4 19. Bxc4 Qxc4 20. Bxg7 Kxg7 21. Qd4+
Ne5 22. Qxc4 Nxc4 23. Ra2 Rab8 24. Re1 Kf8 25. Nc1 Rc5 26. b3 Ne5 27. c4 g5 28.
Re3 b5 29. axb6 Rxb6 30. Kf2 Rc8 31. Ke2 f5 32. g3 Kf7 33. Kd2 Kf6 34. Ne2 g4
35. f4 Nd7 36. Nd4 Nc5 37. Kc2 Rh8 38. Kc1 Rhb8 39. Kb2 Rb4 40. Kc2 R4b6 41. Ra1
Ne4 42. Rae1 R8b7 43. Kb2 Nc5 44. Ra1 Rb4 45. Kc2 R4b6 46. Ra5 Rb4 47. Ra2 R4b6
48. Ra3 Rb4 49. Ne6 R4b6 50. Nxc5 dxc5 51. Ra5 Rc7 52. Re1 Rcb7 53. Rb1 e6 54.
Rxc5 exd5 55. Rxd5 Re6 56. Rbd1 Re3 57. R1d3 Re2+ 58. Rd2 Re3 59. R5d3 Re4 60.
Kc3 h4 61. b4 Rc7 62. Rd4 Re3+ 63. R2d3 Re2 64. Rd6+ Ke7 65. Rh6 Rc8 66. Rh7+
Ke6 67. c5 Kf6 68. Rd6+ 1-0

[Event "Turkish Cup 2016"]
[Site "Manavgat TUR"]
[Date "2016.02.03"]
[Round "7.5"]
[White "Camci, Ali Ammar"]
[Black "Haznedaroglu, Kivanc"]
[Result "0-1"]
[BlackTitle "GM"]
[WhiteElo "2074"]
[BlackElo "2467"]
[WhiteTeam "SAKARYA"]
[BlackTeam "MANISA"]
[WhiteFideId "6305130"]
[BlackFideId "6300634"]
[EventDate "2016.01.30"]

1. f4 d5 2. e3 c5 3. b3 Nf6 4. Bb2 g6 5. Nf3 Bg7 6. d4 cxd4 7. exd4 O-O 8. Bd3
Bf5 9. O-O Nc6 10. Bxf5 gxf5 11. Ne5 Rc8 12. Nd2 Ne4 13. Rf3 f6 14. Nxc6 Rxc6
15. Rh3 Nxd2 16. Qxd2 Qc8 17. Rc1 Qc7 18. Kh1 Rc8 19. c4 dxc4 20. d5 Rd8 21. Qe2
Rxd5 22. Qh5 Qd7 23. Rg1 Rd3 24. Qxh7+ Kf8 25. Rh6 Rd1 26. Rg6 Rxg1+ 27. Kxg1
Qd1+ 28. Kf2 Qd2+ 29. Kg3 Qe3+ 30. Kh4 Qxf4+ 31. Kh3 Re6 32. Qxg7+ Ke8 33. bxc4
Qd2 34. Ba3 Qe2 35. Qh8+ Kd7 36. Rg3 f4 37. Rf3 Qe4 38. Qh5 Re5 39. Qg4+ Kd8 40.
Rxf4 Qh7+ 41. Kg3 Rg5 42. Rd4+ Ke8 43. Qxg5 fxg5 44. Bc1 Qc2 45. Be3 Qxa2 46.
Bxg5 Qb3+ 47. Kh4 Qb2 48. Rg4 a5 49. Kh3 Qe5 50. g3 Qf5 51. Bc1 Qf1+ 0-1

[Event "Turkish Cup 2016"]
[Site "Manavgat TUR"]
[Date "2016.02.03"]
[Round "7.6"]
[White "Ozalp, Burak"]
[Black "Ali Marandi, Cemil Can"]
[Result "0-1"]
[BlackTitle "IM"]
[WhiteElo "2131"]
[BlackElo "2450"]
[WhiteTeam "ANKARA"]
[BlackTeam "HATAY"]
[WhiteFideId "6314210"]
[BlackFideId "6300529"]
[EventDate "2016.01.30"]

1. e4 e5 2. Nc3 Nf6 3. g3 c6 4. Bg2 d5 5. d3 Bc5 6. Qe2 O-O 7. Nf3 Re8 8. O-O h6
9. h3 Nbd7 10. Nh4 Nf8 11. Nd1 Ne6 12. Ne3 a5 13. Nef5 dxe4 14. dxe4 Nd4 15.
Nxd4 exd4 16. Qc4 b6 17. Re1 Ba6 18. Qb3 Nd7 19. Bf1 Bxf1 20. Kxf1 Ne5 21. a4
Qf6 22. Bf4 Nd7 23. Nf5 Bb4 24. Re2 g5 25. Bc1 Re6 26. Qf3 Rae8 27. Kg2 Bf8 28.
Bd2 Ne5 29. Qb3 c5 30. h4 c4 31. Qb5 Rd8 32. hxg5 hxg5 33. Rh1 Qg6 34. f4 gxf4
35. Bxf4 Qg4 36. Rf2 Ng6 37. Nh4 Rxe4 38. Nxg6 Qxg6 39. Qxc4 d3 40. Qc7 Ree8 41.
cxd3 Rxd3 42. Qc4 Red8 43. Be5 Bg7 44. Bxg7 Qxg3+ 0-1

[Event "Turkish Cup 2016"]
[Site "Manavgat TUR"]
[Date "2016.02.03"]
[Round "7.7"]
[White "Kucuk, Dogan"]
[Black "Kerigan, Demre"]
[Result "0-1"]
[BlackTitle "IM"]
[WhiteElo "2066"]
[BlackElo "2378"]
[WhiteTeam "ANTALYA"]
[BlackTeam "ISTANBUL"]
[WhiteFideId "6312985"]
[BlackFideId "6307841"]
[EventDate "2016.01.30"]

1. d4 d6 2. Nf3 g6 3. c4 Bg7 4. g3 Nf6 5. Bg2 O-O 6. O-O Nbd7 7. Qc2 c6 8. Rd1
Qc7 9. e4 Re8 10. h3 e5 11. dxe5 dxe5 12. Be3 Bf8 13. Nbd2 b6 14. Rac1 a5 15.
Nb1 Nc5 16. Nc3 Nfd7 17. Rd2 Be7 18. Rcd1 f6 19. Kh2 Qa7 20. h4 Nf8 21. Na4 Bg4
22. Bxc5 bxc5 23. Qc3 Qb8 24. Bh3 h5 25. b3 Ra7 26. Qe3 Kg7 27. Kg2 Bxh3+ 28.
Kxh3 Ne6 29. Kg2 Rb7 30. Qc3 Qa7 31. Rd3 Nd4 32. Nxd4 cxd4 33. Qc2 Ba3 34. Qe2
Rf7 35. Rf3 c5 36. Kh2 Qb7 37. Rg1 f5 38. exf5 gxf5 39. g4 fxg4 40. Rxf7+ Qxf7
41. f3 Qf4+ 42. Kh1 Kh8 43. fxg4 e4 44. Rf1 Qxg4 45. Qf2 Qh3+ 0-1

[Event "Turkish Cup 2016"]
[Site "Manavgat TUR"]
[Date "2016.02.03"]
[Round "7.9"]
[White "Sakir, Ridvan"]
[Black "Demircioglu, Emre"]
[Result "1/2-1/2"]
[WhiteElo "2093"]
[BlackElo "2207"]
[WhiteTeam "ADANA"]
[BlackTeam "ISTANBUL"]
[WhiteFideId "6365434"]
[BlackFideId "6301878"]
[EventDate "2016.01.30"]

1. e4 e6 2. d4 d5 3. Nc3 Bb4 4. Ne2 Nf6 5. Bg5 dxe4 6. a3 Be7 7. Bxf6 Bxf6 8.
Nxe4 O-O 9. Qd3 Bd7 10. O-O-O Bc6 11. N2c3 Bd5 12. Be2 Nc6 13. Nxf6+ Qxf6 14.
Nxd5 exd5 15. Bf3 Nd8 16. Kb1 c6 17. h4 Ne6 18. c3 Rae8 19. g3 Re7 20. Rhe1 Rfe8
21. Re3 g6 22. Rde1 Ng7 23. Ka2 Kf8 24. Kb3 h5 25. a4 Nf5 26. Rxe7 Rxe7 27. Rxe7
Kxe7 28. Qe2+ Kd7 29. Ka3 Nd6 30. Bg2 Nc4+ 31. Ka2 Nd6 32. b3 Ne4 33. Bxe4 dxe4
34. Ka3 Qf5 35. c4 f6 36. Kb4 a5+ 37. Kc3 Ke7 38. b4 axb4+ 39. Kxb4 Kd7 40. a5
Kc7 41. c5 Kd7 42. a6 bxa6 43. Qxa6 Qd5 44. Qb7+ Ke6 45. Kc3 Kf5 46. Qc7 g5 47.
hxg5 fxg5 48. Qe7 Kg4 49. Qd6 Qa2 50. Qxc6 Qa3+ 51. Kc4 1/2-1/2

[Event "Turkish Cup 2016"]
[Site "Manavgat TUR"]
[Date "2016.02.03"]
[Round "7.10"]
[White "Tirak, Mert"]
[Black "Metin, Mehmet"]
[Result "1/2-1/2"]
[WhiteElo "1915"]
[BlackElo "2149"]
[WhiteTeam "ADANA"]
[BlackTeam "ORDU"]
[WhiteFideId "6311830"]
[BlackFideId "6303730"]
[EventDate "2016.01.30"]

1. e4 c5 2. Nf3 Nc6 3. d4 cxd4 4. Nxd4 g6 5. c4 Bg7 6. Nc2 Nf6 7. Nc3 O-O 8. Be2
d6 9. O-O Nd7 10. Be3 Nc5 11. f3 a5 12. Qd2 Be6 13. Rab1 f5 14. exf5 Bxf5 15.
Rbd1 Ne6 16. Rfe1 Kh8 17. Kh1 a4 18. Na3 Ned4 19. Bd3 e5 20. Ncb5 Qd7 21. Nxd4
exd4 22. Bf2 Bxd3 23. Qxd3 d5 24. c5 Rac8 25. Qb5 Rfe8 26. h3 Qf7 27. Rxe8+ Rxe8
28. Nc2 d3 29. Qxd3 Bxb2 30. Nd4 a3 31. Nb5 Qf5 32. Qxf5 gxf5 33. Rxd5 Nb4 34.
Rxf5 Nxa2 35. Rf7 Kg8 36. Rxb7 Nb4 37. Nxa3 Bxa3 38. Bd4 Nc6 39. Bc3 Re3 40. Bf6
Bxc5 41. f4 Bf8 42. Kh2 Bh6 43. Bg5 Bxg5 44. fxg5 Ne5 45. Rc7 Nf7 46. h4 Ne5 47.
g3 Nf7 48. Ra7 Rc3 49. Kg2 Rd3 50. Ra4 Kg7 51. Kh3 Rb3 52. Re4 Rb6 53. Kg4 Rb7
54. Ra4 Ne5+ 55. Kf5 Nd3 56. h5 Rb5+ 57. Kg4 Ne5+ 58. Kf4 Nc6 59. Rc4 Ne7 60.
Rc7 Kf8 61. Ra7 Rb4+ 62. Kf3 Rb3+ 63. Kg4 Re3 64. Ra8+ Kf7 65. Ra7 Re4+ 66. Kf3
Rb4 67. g6+ hxg6 68. hxg6+ Kf6 69. Ra6+ Ke5 70. g7 Rb8 71. g4 Rg8 72. Ra5+ Kf6
73. g5+ Kf7 74. Kg4 Rxg7 75. Ra7 Rg8 76. Kh5 Rh8+ 77. Kg4 Rh1 78. Kf4 Re1 79.
Kg4 Re4+ 80. Kh5 Rc4 81. Ra6 Rc5 82. Ra7 Rc1 83. Kg4 Ke6 84. Ra6+ Nc6 85. g6 Kf6
86. Kh5 Kf5 87. Kh6 Ne5 88. Kh7 Rh1+ 89. Kg7 Rg1 90. Rf6+ Kg5 91. Re6 Ng4 92.
Ra6 Kf5 93. Rb6 Ra1 94. Kh7 Nf6+ 95. Kg7 Ra7+ 96. Kh6 Ng4+ 97. Kh5 Ra1 98. Rb5+
Ne5 99. Kh6 Rg1 100. Kh7 Rh1+ 101. Kg7 Rh2 102. Ra5 Rc2 103. Kh7 Rh2+ 104. Kg7
Rh3 105. Rb5 Ke6 106. Rb6+ Ke7 107. Rb7+ Nd7 108. Ra7 Rg3 109. Kh7 Ke6 110. Ra6+
Ke7 111. Ra7 Rh3+ 112. Kg7 Rd3 113. Kh8 Ke6 114. Rxd7 Kxd7 115. g7 Rh3+ 116. Kg8
Rh2 117. Kf7 Rf2+ 118. Kg6 Rg2+ 119. Kf7 Rf2+ 1/2-1/2

[Event "Turkish Cup 2016"]
[Site "Manavgat TUR"]
[Date "2016.02.03"]
[Round "7.11"]
[White "Apaydin, Fethi"]
[Black "Aytekin, Murat Eren"]
[Result "1-0"]
[WhiteTitle "FM"]
[WhiteElo "2234"]
[BlackElo "1830"]
[WhiteTeam "ISTANBUL"]
[BlackTeam "GIRESUN"]
[WhiteFideId "6302521"]
[BlackFideId "6388000"]
[EventDate "2016.01.30"]

1. e4 c5 2. Nc3 a6 3. g3 b5 4. Bg2 Bb7 5. d3 e6 6. f4 d5 7. f5 d4 8. fxe6 dxc3
9. exf7+ Kxf7 10. Nf3 Ke8 11. bxc3 Nf6 12. O-O Be7 13. Ng5 Qb6 14. Qe2 h6 15.
Nh3 Nbd7 16. e5 Nd5 17. Qe4 Ra7 18. e6 Nf8 19. Qe5 Bf6 20. Qb8+ Ke7 21. Nf4 Nxf4
22. Bxf4 Nxe6 23. Qxh8 Bxg2 24. Kxg2 Qb7+ 25. Kh3 Qd7 26. Rae1 Kf7 27. Kg2 Nf8
28. Be5 Ng6 29. Rxf6+ 1-0

[Event "Turkish Cup 2016"]
[Site "Manavgat TUR"]
[Date "2016.02.03"]
[Round "7.12"]
[White "Soyek, Ramazan"]
[Black "Koksal, Ege"]
[Result "1/2-1/2"]
[BlackTitle "FM"]
[WhiteElo "1982"]
[BlackElo "2331"]
[WhiteTeam "BURDUR"]
[BlackTeam "MANISA"]
[WhiteFideId "6314953"]
[BlackFideId "6317626"]
[EventDate "2016.01.30"]

1. e4 e5 2. Nf3 Nc6 3. d4 exd4 4. Nxd4 Bc5 5. Be3 Qf6 6. c3 Nge7 7. Bc4 b6 8.
O-O Bb7 9. Nb5 O-O-O 10. Bxc5 bxc5 11. Nd2 a6 12. Na3 Qg6 13. Qa4 Ne5 14. Be2 d5
15. Rae1 f5 16. exf5 Nxf5 17. Bxa6 Qxa6 18. Qf4 Nd3 19. Qxf5+ Kb8 20. Re6 Bc8
21. Rxa6 Bxf5 22. Ra5 Kb7 23. Nb3 Kc6 24. c4 d4 25. Rb5 Bg6 26. f4 Rhf8 27. g4
Nxf4 28. Rxc5+ Kb6 29. Re1 d3 30. Rb5+ Kc6 31. Rc5+ Kd7 32. Re3 Rde8 33. Rce5
Ne2+ 34. Kg2 Nf4+ 35. Kg3 Ne2+ 36. Kg2 Nf4+ 37. Kg1 Ne2+ 38. Kg2 Nf4+ 39. Kg3
Ne2+ 1/2-1/2

[Event "Turkish Cup 2016"]
[Site "Manavgat TUR"]
[Date "2016.02.03"]
[Round "7.13"]
[White "Ozkan, Ervin"]
[Black "Dedebas, Emre Emin"]
[Result "1-0"]
[WhiteElo "2242"]
[BlackElo "2077"]
[WhiteTeam "BURSA"]
[BlackTeam "MANISA"]
[WhiteFideId "6306004"]
[BlackFideId "6349005"]
[EventDate "2016.01.30"]

1. d4 d5 2. Bf4 Nf6 3. e3 c5 4. c3 Nc6 5. Nd2 Bf5 6. Ngf3 Qb6 7. Qb3 c4 8. Qxb6
axb6 9. a3 b5 10. Rc1 h6 11. Be2 e6 12. O-O Be7 13. Rfe1 O-O 14. Bd1 Rfd8 15.
Bc2 Bxc2 16. Rxc2 Bd6 17. Bxd6 Rxd6 18. e4 dxe4 19. Nxe4 Nxe4 20. Rxe4 Rd5 21.
Rce2 Rad8 22. Ne1 g6 23. f4 Kg7 24. Nc2 h5 25. g3 Ne7 26. Kf2 R5d6 27. Kf3 Nd5
28. Re5 R8d7 29. Re1 Rd8 30. h3 Rc8 31. Nb4 Rcd8 32. g4 hxg4+ 33. hxg4 Kf6 34.
Rh1 Ke7 35. Nxd5+ Rxd5 36. Rh7 Rxe5 37. fxe5 Rc8 38. Kf4 Rd8 39. Kg5 Ra8 40. Kh6
b4 41. axb4 Ra2 42. Rh8 Rxb2 43. Rc8 b5 44. Rc5 Rc2 45. Rxb5 Rxc3 46. Rc5 Rc1
47. Kg7 c3 48. b5 c2 49. b6 Rb1 50. Rxc2 Rxb6 51. Rc7+ Ke8 52. Rxf7 Rb4 53. Rf4 1-0

[Event "Turkish Cup 2016"]
[Site "Manavgat TUR"]
[Date "2016.02.03"]
[Round "7.14"]
[White "Baglan, Esat"]
[Black "Arslan, Erdal"]
[Result "1-0"]
[WhiteTitle "FM"]
[WhiteElo "2238"]
[BlackElo "1990"]
[WhiteTeam "ISTANBUL"]
[BlackTeam "HATAY"]
[WhiteFideId "6309216"]
[BlackFideId "6318916"]
[EventDate "2016.01.30"]

1. e4 d5 2. exd5 Nf6 3. d4 Bg4 4. f3 Bf5 5. Bb5+ Nbd7 6. c4 a6 7. Bxd7+ Qxd7 8.
Ne2 e6 9. dxe6 Bxe6 10. d5 Bf5 11. Be3 Bb4+ 12. Nbc3 Qe7 13. Kf2 O-O 14. a3 Bxc3
15. Nxc3 Nd7 16. Qd4 Ne5 17. Rad1 c5 18. Qf4 Nd3+ 19. Rxd3 Bxd3 20. Rd1 Bc2 21.
Rd2 Bb3 22. d6 Qe6 23. Nd5 Rad8 24. Rd3 Ba2 25. Bxc5 b5 26. Re3 Qh6 27. Qxh6
gxh6 28. Ne7+ Kg7 29. Bb6 Bxc4 30. Bxd8 Rxd8 31. b3 Be6 32. Rd3 Kf6 33. f4 Bd7
34. Nd5+ Kf5 35. Ke3 a5 36. Kd4 a4 37. bxa4 bxa4 38. Nb6 Bb5 39. Rh3 Kxf4 40.
Kc5 Bd7 41. Nxd7 1-0

[Event "Turkish Cup 2016"]
[Site "Manavgat TUR"]
[Date "2016.02.03"]
[Round "7.15"]
[White "Aydin, Ersin"]
[Black "Burcu, Cagatay"]
[Result "1/2-1/2"]
[WhiteElo "1943"]
[BlackElo "2193"]
[WhiteTeam "ANKARA"]
[BlackTeam "ANTALYA"]
[WhiteFideId "6306187"]
[BlackFideId "6310630"]
[EventDate "2016.01.30"]

1. d4 d5 2. c4 c6 3. Nf3 Nf6 4. Nc3 dxc4 5. a4 Bf5 6. Ne5 e6 7. g3 Na6 8. Bg2
Nb4 9. e4 Bg6 10. O-O c5 11. d5 exd5 12. Nxg6 hxg6 13. e5 Ne4 14. Nxd5 Qxd5 15.
Qxd5 Nxd5 16. Bxe4 Nb4 17. Bxb7 Rb8 18. Be4 Be7 19. Rd1 Rd8 20. Be3 O-O 21. Rdc1
Nd3 22. Rxc4 Nxe5 23. Rc2 f5 24. Bg2 Nd3 25. Bf1 f4 26. gxf4 Nxf4 27. Rac1 Nd3
28. Bxd3 Rxd3 29. Bxc5 Bxc5 30. Rxc5 Rd2 31. Rc8 Rxb2 32. Rxf8+ Kxf8 33. Rc8+
Kf7 34. Rc7+ Kf6 35. Rxa7 Ra2 36. a5 g5 37. h3 Kg6 38. a6 Kf6 39. Kg2 Ra3 40.
Ra8 Kg6 41. f3 Ra2+ 42. Kg3 Ra4 43. Kf2 Ra3 1/2-1/2

[Event "Turkish Cup 2016"]
[Site "Manavgat TUR"]
[Date "2016.02.03"]
[Round "7.16"]
[White "Kesgin, Halit Kaan"]
[Black "Marasli, Tutku Kahraman"]
[Result "1/2-1/2"]
[WhiteElo "1893"]
[BlackElo "2145"]
[WhiteTeam "IZMIR"]
[BlackTeam "KAYSERI"]
[WhiteFideId "6349137"]
[BlackFideId "6307493"]
[EventDate "2016.01.30"]

1. e4 c6 2. d4 d5 3. Nd2 dxe4 4. Nxe4 Nf6 5. Nxf6+ gxf6 6. c3 Bf5 7. Ne2 Nd7 8.
Ng3 Bg6 9. f4 e6 10. f5 exf5 11. Bd3 Bd6 12. Nxf5 Bxf5 13. Bxf5 Qe7+ 14. Qe2
Qxe2+ 15. Kxe2 O-O-O 16. Kf3 Kc7 17. Bf4 Nb6 18. Rae1 Nd5 19. Bxd6+ Kxd6 20. Re2
b5 21. Rhe1 h5 22. a4 a6 23. h4 Rhg8 24. g3 c5 25. dxc5+ Kxc5 26. axb5 axb5 27.
Bc2 b4 28. cxb4+ Nxb4 29. Be4 Rd6 30. Re3 Rg4 31. Rc3+ Kb6 32. Bf5 Rgd4 33. Re4
Nc6 34. Rxd4 Rxd4 35. Be4 Ne5+ 36. Kf4 Rb4 37. Kf5 Ng4 38. Bf3 Rb5+ 39. Ke4 Rb4+
40. Kf5 Rb5+ 41. Ke4 Rb4+ 42. Kd5 Rxb2 43. Bxg4 hxg4 44. Rc4 f5 45. Ke5 Rb3 46.
Kxf5 Rxg3 47. Rxg4 Rh3 48. Kf6 Rf3+ 49. Kg7 f5 50. Rg6+ Kc5 51. h5 f4 52. h6 Rh3
53. h7 f3 54. h8=Q Rxh8 55. Kxh8 Kd4 56. Rf6 Ke3 57. Rxf3+ Kxf3 1/2-1/2

[Event "Turkish Cup 2016"]
[Site "Manavgat TUR"]
[Date "2016.02.03"]
[Round "7.17"]
[White "Sevgi, Volkan"]
[Black "Percin, Onder"]
[Result "1-0"]
[WhiteTitle "FM"]
[WhiteElo "2197"]
[BlackElo "1944"]
[WhiteTeam "MERSIN"]
[BlackTeam "HATAY"]
[WhiteFideId "6325335"]
[BlackFideId "6345190"]
[EventDate "2016.01.30"]

1. Nf3 Nf6 2. g3 g6 3. b3 Bg7 4. Bb2 d6 5. Bg2 O-O 6. c4 c6 7. O-O Nbd7 8. d3 e5
9. Nbd2 Qe7 10. Rc1 Re8 11. Qc2 Ng4 12. h3 Nh6 13. e4 f5 14. d4 exd4 15. Nxd4
Nc5 16. Rce1 Qf7 17. b4 Nxe4 18. Bxe4 fxe4 19. Nxe4 Bxh3 20. Nxd6 Rxe1 21. Rxe1
Qd7 22. c5 Rf8 23. Qb3+ Kh8 24. Nf3 Bxb2 25. Qxb2+ Kg8 26. Qb3+ Kh8 27. Qc3+ Kg8
28. Ng5 Bf5 29. f4 b5 30. Qe5 Ng4 31. Qe7 Nf6 32. Qxd7 Bxd7 33. Re7 a6 34. Nxh7
Nxh7 35. Rxd7 Nf6 36. Ra7 Nd5 37. a3 g5 38. fxg5 Rf3 39. Kg2 Rxa3 40. g6 Re3 41.
Nf5 1-0

[Event "Turkish Cup 2016"]
[Site "Manavgat TUR"]
[Date "2016.02.03"]
[Round "7.18"]
[White "Metin, Oguz"]
[Black "Yilmaz, Goktan"]
[Result "1/2-1/2"]
[WhiteElo "2134"]
[BlackElo "1990"]
[WhiteTeam "BURDUR"]
[BlackTeam "ANKARA"]
[WhiteFideId "6307850"]
[BlackFideId "6354904"]
[EventDate "2016.01.30"]

1. Nf3 Nf6 2. d4 d5 3. c4 e6 4. g3 Be7 5. Bg2 O-O 6. O-O c6 7. Nc3 b6 8. cxd5
cxd5 9. Bf4 Nc6 10. Rc1 Bb7 11. Qd3 Rc8 12. Rfd1 Nh5 13. Bd2 Nf6 14. Bf4 Nh5 15.
Be5 f6 16. Bf4 Nxf4 17. gxf4 f5 18. Qe3 Qd7 19. a3 Bd6 20. Ng5 Nd8 21. Rc2 h6
22. Nf3 Nc6 23. Rdc1 Na5 24. Nd2 a6 25. b4 Nc4 26. Nxc4 Rxc4 27. Qd2 Rfc8 28. e3
R4c7 29. Bf1 Kh8 30. Bd3 Rg8 31. Qe2 b5 32. Qh5 Qf7 33. Qh4 Kh7 34. Kh1 g5 35.
fxg5 Rxg5 36. f4 Rg8 37. Ne2 Rc4 38. Ng3 a5 39. Qh3 Rf8 40. Rg1 Rxc2 41. Bxc2
axb4 42. axb4 Bxb4 43. Bd3 Bc6 44. Rc1 Be8 45. Rb1 Bd2 46. Nf1 Bc3 47. Bxb5 Bxb5
48. Rxb5 Ra8 49. Rb3 Ba5 50. Qg2 Bd8 51. Qb2 Ra7 52. Kg2 Bh4 53. Ng3 Bxg3 54.
hxg3 Rc7 55. Rb6 Ra7 56. Qc2 Rc7 57. Rc6 Rxc6 58. Qxc6 Kg7 59. Qd6 Qh5 60. Qe7+
Qf7 61. Qh4 Qf6 62. Qh3 Qg6 63. Kf2 Kh7 64. Qh4 Kg7 65. Ke2 Qf6 66. Qh1 Qg6 67.
Kf2 Qg4 68. Qb1 Qh5 69. Qb7+ Qf7 70. Qb8 Qf6 71. Ke2 Qg6 72. Qc7+ Kg8 73. Qc8+
Kg7 74. Kd3 Qf7 75. Kc3 Qe7 76. Kb3 Kf6 77. Qh8+ Qg7 78. Qxg7+ Kxg7 79. Kb4 Kg6
80. Kc5 Kg7 81. Kc6 Kg6 82. Kd7 Kf7 83. Kc6 Kg6 84. Kc7 Kg7 85. g4 1/2-1/2

[Event "Turkish Cup 2016"]
[Site "Manavgat TUR"]
[Date "2016.02.03"]
[Round "7.19"]
[White "Zor, Alber Kadir"]
[Black "Gulsoy, Mustafa Alpago"]
[Result "1/2-1/2"]
[WhiteElo "2134"]
[BlackElo "1957"]
[WhiteTeam "ANKARA"]
[BlackTeam "KARAMAN"]
[WhiteFideId "6353169"]
[BlackFideId "6337074"]
[EventDate "2016.01.30"]

1. e4 d5 2. exd5 Qxd5 3. Nc3 Qd8 4. Nf3 g6 5. Bc4 Bg7 6. O-O Nf6 7. Re1 O-O 8.
d4 a6 9. a4 b6 10. Qe2 Re8 11. Bf4 e6 12. Rad1 Bb7 13. Ng5 Nc6 14. Qe3 h6 15.
Nxf7 Kxf7 16. Bxe6+ Kf8 17. d5 Ne7 18. Qg3 Nh5 19. Qf3 Nxf4 20. Qxf4+ Nf5 21. g4
Qd6 22. Qe4 1/2-1/2

[Event "Turkish Cup 2016"]
[Site "Manavgat TUR"]
[Date "2016.02.03"]
[Round "7.20"]
[White "Ozen, Deniz"]
[Black "Yazici, Ugur Doga"]
[Result "1/2-1/2"]
[WhiteTitle "FM"]
[WhiteElo "2061"]
[BlackElo "1965"]
[WhiteTeam "IZMIR"]
[BlackTeam "ANKARA"]
[WhiteFideId "6349196"]
[BlackFideId "6363342"]
[EventDate "2016.01.30"]

1. e4 e5 2. Nf3 Nc6 3. Bb5 Nf6 4. d3 d6 5. c3 Bd7 6. O-O g6 7. Re1 Bg7 8. Nbd2
O-O 9. Nf1 Re8 10. Ng3 Nd4 11. Bxd7 Nxf3+ 12. Qxf3 Nxd7 13. Be3 c6 14. Rad1 Qa5
15. a3 Rad8 16. c4 Nf8 17. Bg5 Rb8 18. Bd2 Qc7 19. Be3 Rbd8 20. b4 Ne6 21. Ne2
Qe7 22. a4 Nd4 23. Nxd4 exd4 24. Bd2 Qd7 25. a5 Re6 26. h3 Rf8 27. Qg4 1/2-1/2

[Event "Turkish Cup 2016"]
[Site "Manavgat TUR"]
[Date "2016.02.03"]
[Round "7.21"]
[White "Ozveren, Ali Bulent"]
[Black "Demir, Bilal"]
[Result "1/2-1/2"]
[WhiteElo "1953"]
[BlackElo "2132"]
[WhiteTeam "BOLU"]
[BlackTeam "BURDUR"]
[WhiteFideId "6303188"]
[BlackFideId "4662369"]
[EventDate "2016.01.30"]

1. Nf3 d5 2. c4 c6 3. e3 Nf6 4. d4 e6 5. Nbd2 Nbd7 6. Bd3 Bd6 7. O-O O-O 8. e4
dxe4 9. Nxe4 Nxe4 10. Bxe4 h6 11. Bc2 b6 12. Qd3 Nf6 13. g4 Re8 14. g5 hxg5 15.
Bxg5 Bb7 16. Rfe1 Kf8 17. Rad1 Be7 18. Ne5 Qc7 19. Qh3 Ng8 20. Nxf7 Bb4 21. Ne5
Bxe1 22. Ng6+ Kf7 23. Rxe1 Nh6 24. Bf4 Qd8 25. Bxh6 gxh6 26. Qxh6 Rg8 27. Kf1
Qf6 28. Qh5 Rxg6 29. Re3 Kg7 30. Bxg6 Rh8 31. Rf3 Rxh5 32. Rxf6 Ra5 33. Rxe6
Rxa2 34. Be4 Kf7 35. Rh6 Bc8 36. Kg2 Be6 37. b3 Rb2 38. d5 cxd5 39. cxd5 Bd7 40.
d6 Rxb3 41. Bd5+ Kg7 42. Bxb3 Kxh6 43. Kf3 Kg6 44. Ke4 Kf6 45. h4 b5 46. Kd4 a5
47. Kc5 a4 48. Ba2 Ke5 49. h5 b4 50. Kxb4 Kxd6 51. h6 Bf5 52. Kxa4 Ke5 53. Kb4
Kf4 54. Bg8 Kg5 55. Be6 Bh7 56. Kc5 Kxh6 57. Kd4 Kg7 58. Ke5 Bc2 59. Bf5 Bb3 60.
Be4 Kf8 1/2-1/2

[Event "Turkish Cup 2016"]
[Site "Manavgat TUR"]
[Date "2016.02.03"]
[Round "7.22"]
[White "Koc, Ilkay"]
[Black "Gundogan, Sinem Cagla"]
[Result "1-0"]
[BlackTitle "WCM"]
[WhiteElo "2045"]
[BlackElo "2002"]
[WhiteTeam "BURSA"]
[BlackTeam "KOCAELI"]
[WhiteFideId "6304486"]
[BlackFideId "6325378"]
[EventDate "2016.01.30"]

1. d4 d5 2. c4 e6 3. g3 Nf6 4. Bg2 c6 5. Nf3 Nbd7 6. O-O Bd6 7. Nc3 O-O 8. Re1
dxc4 9. Nd2 Bc7 10. Nxc4 e5 11. e4 exd4 12. Qxd4 c5 13. Qd1 Ne5 14. Nxe5 Bxe5
15. Be3 b6 16. Qe2 Bb7 17. Rad1 Qe7 18. Nd5 Nxd5 19. exd5 Bd6 20. Qh5 Qf6 21. b3
Rae8 22. Qg4 Bc8 23. Qa4 Re7 24. Bd2 Be5 25. Bf4 Bxf4 26. Rxe7 Bxg3 27. Re2 Bd6
28. Qe4 Qh6 29. h3 Bxh3 30. Qe3 Qxe3 31. Rxe3 Bd7 32. a4 g5 33. Bf1 Kg7 34. Bb5
Bf5 35. Rde1 Bc2 36. Bc4 f5 37. Re6 Rd8 38. Re8 Rd7 39. Bb5 Rf7 40. R1e6 Bf4 41.
Bc4 Be4 42. d6 Bc6 43. R8e7 Rxe7 44. Rxe7+ Kf8 45. Rc7 Be8 46. Rc8 Bxd6 47. Bb5 1-0

[Event "Turkish Cup 2016"]
[Site "Manavgat TUR"]
[Date "2016.02.03"]
[Round "7.23"]
[White "Dalgar, Hakki Berat"]
[Black "Rzayev, Askar Aliakbar"]
[Result "1/2-1/2"]
[WhiteTitle "CM"]
[WhiteElo "1982"]
[BlackElo "2082"]
[WhiteTeam "KARAMAN"]
[BlackTeam "BURSA"]
[WhiteFideId "6347444"]
[BlackFideId "13405039"]
[EventDate "2016.01.30"]

1. d4 Nf6 2. Nf3 e6 3. c4 d5 4. Qc2 a6 5. cxd5 exd5 6. g3 c5 7. Be3 cxd4 8. Nxd4
Bd7 9. Bg2 Nc6 10. O-O Rc8 11. Nc3 Bb4 12. Nxd5 Nxd5 13. Bxd5 O-O 14. Nxc6 Bxc6
15. Bxc6 Rxc6 16. Qb3 Qe7 17. Rac1 Rfc8 18. Rxc6 Rxc6 19. Bg5 Qxg5 20. Qxb4 b5
21. Qe4 Rc8 22. Qb7 Qf5 23. Qxa6 h5 24. a4 bxa4 25. Qxa4 Rb8 26. e4 Qf3 27. Qd4
h4 28. h3 hxg3 29. Qe5 Rb3 30. fxg3 Qxg3+ 31. Qxg3 Rxg3+ 32. Kh2 Rb3 33. Re1
Rxb2+ 34. Kg3 Kf8 35. Kf4 Rb5 36. Ra1 g6 37. Ra8+ Kg7 38. Rd8 Rb3 39. h4 Rh3 40.
Kg4 Rh1 41. Rd6 Ra1 42. Kf4 Kh6 43. Rd8 Ra4 44. Ke5 Kg7 45. Rd7 Ra1 46. Kf4 Kh6
47. Rd8 Rf1+ 48. Kg4 Kg7 49. Rd6 Kf8 50. Ra6 Ke7 51. Kg3 Rb1 52. Kf4 Rb4 53.
Ra7+ Kf6 54. Ra6+ Kg7 55. Ra7 Rb1 56. Ra6 1/2-1/2